[Event "Barcelona Tres Peons-E 47th"]
[Site "Barcelona"]
[Date "2018.06.15"]
[Round "8.3"]
[White "Perez Cuadrado, Eduardo"]
[Black "Volart Buil, Jordi"]
[Result "0-1"]
[WhiteElo "1740"]
[BlackElo "1710"]
[PlyCount "115"]
[EventDate "2018.04.27"]
[EventType "tourn"]
[EventRounds "9"]
[EventCountry "ESP"]
[SourceTitle "EXT 2024"]
[Source "ChessBase"]
[SourceDate "2023.10.10"]
[SourceVersion "1"]
[SourceVersionDate "2023.10.10"]
[SourceQuality "1"]

1. c4 b6 2. d4 Bb7 3. Nc3 h6 4. e4 e6 5. a3 Ne7 6. Nf3 d5 7. cxd5 exd5 8. e5 a6 9. b4 Ng6 10. Bd3 Ne7 11. Qe2 Bc8 12. h3 Be6 13. Qc2 Qd7 14. Bf4 Nbc6 15. Rc1 b5 16. Nxb5 axb5 17. Bxb5 Rxa3 18. 0-0 Bf5 19. Bxc6 Bxc2 20. Bxd7+ Kxd7 21. Rxc2 Ng6 22. Bd2 Rb3 23. Rfc1 c5 24. bxc5 Be7 25. c6+ Ke6 26. c7 Rc8 27. Ne1 Bb4 28. Rc6+ Ke7 29. Bxb4+ Rxb4 30. Nf3 Nf4 31. Kf1 Ne6 32. Rd1 Rb7 33. g3 Rbxc7 34. Rxc7+ Rxc7 35. Ke2 Ra7 36. Rd3 Ra2+ 37. Ke3 Ra1 38. Rb3 Kd7 39. Nd2 Re1+ 40. Kd3 Rd1 41. Ke2 Ra1 42. Nf3 Ra2+ 43. Ke3 Ra4 44. h4 g5 45. hxg5 hxg5 46. g4 Ra7 47. Rb8 Ra3+ 48. Ke2 Nf4+ 49. Kd1 Rxf3 50. Rb7+ Ke6 51. Rb6+ Kd7 52. Rf6 Rd3+ 53. Kc2 Rxd4 54. Rf5 Nd3 55. f3 Rf4 56. Kd2 Rxf5 57. gxf5 Nxe5 58. Ke3 0-1

[Event "Barcelona Sant Marti op-B 18th"]
[Site "Barcelona"]
[Date "2016.07.16"]
[Round "4.46"]
[White "Perez Cuadrado, Eduardo"]
[Black "Castro Estrella, Joan Gabriel"]
[Result "1-0"]
[WhiteElo "1751"]
[BlackElo "1414"]
[PlyCount "99"]
[EventDate "2016.07.13"]
[EventType "swiss"]
[EventRounds "9"]
[EventCountry "ESP"]
[SourceTitle "EXT 2024"]
[Source "ChessBase"]
[SourceDate "2023.10.10"]
[SourceVersion "1"]
[SourceVersionDate "2023.10.10"]
[SourceQuality "1"]

1. e4 e5 2. Nf3 Nc6 3. Bb5 Nf6 4. d3 d6 5. h3 Be7 6. Nc3 0-0 7. a3 Be6 8. Ng5 Bd7 9. Be3 a6 10. Bc4 h6 11. Nf3 b5 12. Ba2 Qc8 13. 0-0 Bxh3 14. gxh3 Qxh3 15. Nh2 Nd4 16. Bxd4 exd4 17. Nd5 Nxd5 18. Bxd5 Rac8 19. Qg4 Qxg4+ 20. Nxg4 Kh7 21. f4 c6 22. Ba2 f5 23. exf5 Rxf5 24. Be6 Rcf8 25. Bxf5+ Rxf5 26. Rae1 Bh4 27. Re6 g5 28. Rxh6+ Kg7 29. fxg5 Rxg5 30. Rxh4 c5 31. b3 d5 32. Kh2 c4 33. b4 Rg6 34. Ne5 Re6 35. Rg4+ Kh7 36. Kg3 Rd6 37. Rh1+ Rh6 38. Rxh6+ Kxh6 39. Kf4 Kh5 40. Nc6 Kh6 41. Rg1 Kh5 42. Ke5 Kh4 43. Kf5 Kh3 44. Kf4 Kh2 45. Rg8 Kh3 46. Rg7 Kh2 47. Kf3 Kh1 48. Kf2 c3 49. Na5 Kh2 50. Rh7# 1-0

[Event "Cornella de Llobregat Vallve Pinol 3rd"]
[Site "Cornella de Llobregat"]
[Date "2015.09.28"]
[Round "2.9"]
[White "Lopez Baena, David"]
[Black "Perez Cuadrado, Eduardo"]
[Result "1-0"]
[WhiteElo "2134"]
[BlackElo "1984"]
[PlyCount "75"]
[EventDate "2015.09.21"]
[EventType "swiss"]
[EventRounds "9"]
[EventCountry "ESP"]
[SourceTitle "EXT 2024"]
[Source "ChessBase"]
[SourceDate "2023.10.10"]
[SourceVersion "1"]
[SourceVersionDate "2023.10.10"]
[SourceQuality "1"]

1. c4 f5 2. g3 Nf6 3. Nc3 e6 4. Bg2 Be7 5. Nf3 0-0 6. d3 d6 7. b4 c6 8. Qb3 Na6 9. 0-0 Bd7 10. a4 Nc7 11. b5 c5 12. a5 Rb8 13. Bd2 e5 14. b6 axb6 15. Qxb6 Na6 16. Rfb1 Nb4 17. Qxd8 Rfxd8 18. Nb5 Na6 19. Ne1 e4 20. Nc2 Bc6 21. Ne3 Bd7 22. Nc3 Be6 23. dxe4 fxe4 24. Nxe4 Nxe4 25. Bxe4 Rd7 26. Nd5 Bf8 27. Rb6 Nc7 28. Rab1 Bxd5 29. Bxd5+ Nxd5 30. cxd5 Be7 31. a6 Bd8 32. a7 Ra8 33. Rxb7 Rxa7 34. Rxa7 Rxa7 35. Rb8 Rc7 36. Rxd8+ Kf7 37. Rxd6 c4 38. Rc6 1-0

[Event "Barcelona Sant Marti op-B 17th"]
[Site "Barcelona"]
[Date "2015.07.21"]
[Round "9"]
[White "Perez Cuadrado, Eduardo"]
[Black "Manosas Vila, Ester"]
[Result "1-0"]
[WhiteElo "1960"]
[BlackElo "1895"]
[PlyCount "67"]
[EventDate "2015.07.13"]
[EventType "swiss"]
[EventRounds "9"]
[EventCountry "ESP"]
[SourceTitle "EXT 2016"]
[Source "ChessBase"]
[SourceDate "2015.10.08"]
[SourceVersion "1"]
[SourceVersionDate "2015.10.08"]
[SourceQuality "1"]

1. e4 e5 2. Nf3 Nc6 3. Nc3 Nf6 4. d4 exd4 5. Nxd4 Bb4 6. Nxc6 Bxc3+ 7. bxc3 bxc6 8. Bd3 d6 9. h3 h6 10. 0-0 0-0 11. Bf4 Re8 12. Re1 c5 13. e5 dxe5 14. Rxe5 Bb7 15. Rxc5 Rc8 16. Bf5 Qe7 17. Bxc8 Rxc8 18. Re5 Qa3 19. c4 Qa4 20. Qd3 Rb8 21. Rb5 a6 22. Rb3 Qc6 23. f3 Re8 24. Rab1 Rb8 25. Be5 Nd7 26. Bd4 Nc5 27. Bxc5 Qxc5+ 28. Qe3 Qc6 29. Kh1 Re8 30. Qd3 Rb8 31. Qd5 Qe8 32. Rxb7 Rxb7 33. Qxb7 c6 34. Qb8 1-0

[Event "Barcelona Sant Marti op-B 17th"]
[Site "Barcelona"]
[Date "2015.07.20"]
[Round "8"]
[White "Pascual Gonzalez, Novelles Carle"]
[Black "Perez Cuadrado, Eduardo"]
[Result "0-1"]
[WhiteElo "1931"]
[BlackElo "1960"]
[PlyCount "76"]
[EventDate "2015.07.13"]
[EventType "swiss"]
[EventRounds "9"]
[EventCountry "ESP"]
[SourceTitle "EXT 2016"]
[Source "ChessBase"]
[SourceDate "2015.10.08"]
[SourceVersion "1"]
[SourceVersionDate "2015.10.08"]
[SourceQuality "1"]

1. e4 e5 2. Nf3 Nc6 3. Bc4 Nf6 4. d3 Bc5 5. 0-0 h6 6. c3 d6 7. h3 0-0 8. b4 Bb6 9. Be3 Re8 10. Qb3 Be6 11. Bxe6 Rxe6 12. Nbd2 Nh5 13. a4 Bxe3 14. fxe3 Ng3 15. Rf2 Qe7 16. Nf1 Rg6 17. Nxg3 Rxg3 18. a5 Rf8 19. b5 Nd8 20. b6 cxb6 21. axb6 a6 22. Qd5 Ne6 23. Kh2 Rg6 24. d4 exd4 25. cxd4 Rc8 26. Qf5 Rf6 27. Qg4 Rc3 28. Qh4 g5 29. Qg4 Rg6 30. e5 d5 31. e4 Nf4 32. exd5 Nxd5 33. Rb1 Rxb6 34. Rxb6 Nxb6 35. h4 Rc6 36. hxg5 Rg6 37. Qf4 hxg5 38. Qe4 Qd7 0-1

[Event "Barcelona Sant Marti op-B 17th"]
[Site "Barcelona"]
[Date "2015.07.17"]
[Round "5"]
[White "Perez Cuadrado, Eduardo"]
[Black "Varela Cuadrado, Cesar M"]
[Result "1-0"]
[WhiteElo "1960"]
[BlackElo "1876"]
[PlyCount "73"]
[EventDate "2015.07.13"]
[EventType "swiss"]
[EventRounds "9"]
[EventCountry "ESP"]
[SourceTitle "EXT 2016"]
[Source "ChessBase"]
[SourceDate "2015.10.08"]
[SourceVersion "1"]
[SourceVersionDate "2015.10.08"]
[SourceQuality "1"]

1. e4 c5 2. Nf3 d6 3. c3 e5 4. d4 cxd4 5. cxd4 exd4 6. Nxd4 Nf6 7. Nc3 Be7 8. Bf4 0-0 9. Bd3 Qb6 10. Nb3 Bg4 11. Qd2 a6 12. 0-0 Nc6 13. Be3 Qc7 14. Rac1 b5 15. Nd5 Qb7 16. Rxc6 Nxd5 17. exd5 f5 18. Rfc1 Qd7 19. Bg5 Qd8 20. Bxe7 Qxe7 21. Rc7 Qf6 22. Qc3 Qg6 23. Re1 Bf3 24. Bf1 Bxd5 25. Ree7 Rf7 26. Qd4 Kf8 27. Qxd5 Rxe7 28. Qxa8+ Re8 29. Rc8 Rxc8 30. Qxc8+ Ke7 31. Qxa6 f4 32. Qxb5 h5 33. h4 Qb1 34. a4 Qe4 35. a5 f3 36. a6 fxg2 37. Qb7+ 1-0

[Event "Barcelona Sant Marti op-B 17th"]
[Site "Barcelona"]
[Date "2015.07.16"]
[Round "4"]
[White "Cervera Lopez, Miguel"]
[Black "Perez Cuadrado, Eduardo"]
[Result "1-0"]
[WhiteElo "1831"]
[BlackElo "1960"]
[PlyCount "57"]
[EventDate "2015.07.13"]
[EventType "swiss"]
[EventRounds "9"]
[EventCountry "ESP"]
[SourceTitle "EXT 2016"]
[Source "ChessBase"]
[SourceDate "2015.10.08"]
[SourceVersion "1"]
[SourceVersionDate "2015.10.08"]
[SourceQuality "1"]

1. e4 d5 2. exd5 Nf6 3. c4 c6 4. Nc3 cxd5 5. cxd5 Nxd5 6. Qf3 e6 7. a3 Nc6 8. Bb5 Be7 9. Nge2 0-0 10. Bxc6 bxc6 11. 0-0 Ba6 12. Re1 Qc7 13. d4 Bd6 14. Nxd5 cxd5 15. g3 Rab8 16. b4 Rbc8 17. Be3 Qd7 18. Nf4 Bxf4 19. Bxf4 Rc4 20. Rec1 Rfc8 21. Rxc4 Rxc4 22. Be3 Qa4 23. Qf4 Rxb4 24. Qd6 Qa5 25. Qxb4 Qc7 26. Bf4 Qc8 27. Qb8 h6 28. Qxc8+ Bxc8 29. Rc1 1-0

[Event "Barcelona Sant Marti op-B 15th"]
[Site "Barcelona"]
[Date "2013.07.19"]
[Round "7"]
[White "Beaskoa Estany, Gabriel"]
[Black "Perez Cuadrado, Eduardo"]
[Result "1-0"]
[WhiteElo "1930"]
[BlackElo "1783"]
[PlyCount "41"]
[EventDate "2013.07.13"]
[EventType "swiss"]
[EventRounds "9"]
[EventCountry "ESP"]
[SourceTitle "CBM 155 Extra"]
[Source "ChessBase"]
[SourceDate "2013.08.26"]
[SourceVersion "1"]
[SourceVersionDate "2013.08.26"]
[SourceQuality "1"]

1. e4 e5 2. Nf3 Nf6 3. Nc3 Nc6 4. d4 exd4 5. Nxd4 Bc5 6. Nxc6 bxc6 7. Bd3 d5 8. exd5 cxd5 9. 0-0 0-0 10. Bg5 Be6 11. Qf3 Bd6 12. Nb5 Bxh2+ 13. Kxh2 Ng4+ 14. Qxg4 Bxg4 15. Bxd8 Rfxd8 16. Nxc7 Rac8 17. Nb5 a6 18. Nd4 a5 19. Rfe1 Rd6 20. Bf5 Bxf5 21. Nxf5 1-0

[Event "Barcelona Sant Marti op-B 15th"]
[Site "Barcelona"]
[Date "2013.07.16"]
[Round "4"]
[White "Perez Cuadrado, Eduardo"]
[Black "Alfara Ayllon, Jose Luis"]
[Result "0-1"]
[WhiteElo "1783"]
[BlackElo "1940"]
[PlyCount "88"]
[EventDate "2013.07.13"]
[EventType "swiss"]
[EventRounds "9"]
[EventCountry "ESP"]
[SourceTitle "CBM 155 Extra"]
[Source "ChessBase"]
[SourceDate "2013.08.26"]
[SourceVersion "1"]
[SourceVersionDate "2013.08.26"]
[SourceQuality "1"]

1. e4 c5 2. Nf3 d6 3. d4 cxd4 4. Nxd4 Nf6 5. Nc3 a6 6. Be2 e5 7. Nb3 Be6 8. 0-0 Be7 9. Be3 Nbd7 10. f3 0-0 11. Nd5 Nxd5 12. exd5 Bf5 13. Bd3 Bxd3 14. Qxd3 Rc8 15. f4 Bf6 16. c3 Nb6 17. Rf3 Nc4 18. Rh3 g6 19. Rb1 Re8 20. f5 Qd7 21. fxg6 fxg6 22. Rf1 Bg7 23. Bc1 b5 24. Nd2 Nxd2 25. Bxd2 Rf8 26. Rhf3 Rxf3 27. Rxf3 Qg4 28. h3 Qa4 29. Qb1 Qc4 30. Qf1 Qxd5 31. Rd3 Qe6 32. Bg5 d5 33. Qd1 d4 34. Rd2 Qxa2 35. b4 Qe6 36. cxd4 exd4 37. Re2 Qd5 38. Qe1 Qxg5 39. Re8+ Rxe8 40. Qxe8+ Bf8 41. Qe6+ Kg7 42. Qd7+ Be7 43. Qxd4+ Qf6 44. Qe4 Qd6 0-1

[Event "Barcelona La Lira op-B 14th"]
[Site "Barcelona"]
[Date "2011.07.30"]
[Round "8"]
[White "Perez Cuadrado, Eduardo"]
[Black "Romero Funieles, Rafael de Jesus"]
[Result "1/2-1/2"]
[WhiteElo "1690"]
[BlackElo "1753"]
[PlyCount "136"]
[EventDate "2011.07.23"]
[EventType "swiss"]
[EventRounds "9"]
[EventCountry "ESP"]
[SourceTitle "EXT 2024"]
[Source "ChessBase"]
[SourceDate "2023.10.10"]
[SourceVersion "1"]
[SourceVersionDate "2023.10.10"]
[SourceQuality "1"]

1. e4 e5 2. Nf3 d6 3. Bc4 h6 4. h3 Nf6 5. d3 c6 6. Nc3 a5 7. a4 Nbd7 8. 0-0 Be7 9. Re1 0-0 10. d4 exd4 11. Nxd4 Ne5 12. Bb3 Qc7 13. Re3 Nh7 14. f4 Nd7 15. Nf5 Nc5 16. Nxe7+ Qxe7 17. Bc4 Be6 18. Bxe6 fxe6 19. Rg3 Rad8 20. f5 Rf6 21. Qh5 Kh8 22. Be3 Nd7 23. Rf1 Rdf8 24. Qg4 Ne5 25. Qh5 Nc4 26. Bc1 d5 27. b3 Na3 28. Bxa3 Qxa3 29. Qg4 R6f7 30. e5 Qc5+ 31. Kh2 exf5 32. Rxf5 Qe7 33. Rxf7 Rxf7 34. Qd4 Ng5 35. Ne2 Ne4 36. Rf3 Rxf3 37. gxf3 Ng5 38. Kg3 Ne6 39. Qg4 Ng5 40. h4 Qxe5+ 41. Qf4 Qxf4+ 42. Kxf4 Nf7 43. Kf5 Kg8 44. Ke6 Kf8 45. f4 Ke8 46. Nd4 g5 47. fxg5 hxg5 48. hxg5 Nxg5+ 49. Kd6 Kd8 50. Nxc6+ bxc6 51. Kxc6 d4 52. Kb5 Ne6 53. Kxa5 Kc7 54. Kb5 Kb7 55. Kc4 Kc6 56. b4 Kc7 57. Kd5 Kd7 58. b5 Ke7 59. b6 Kd7 60. b7 Nc7+ 61. Kxd4 Na6 62. b8Q Nxb8 63. Kc5 Kc7 64. c4 Nd7+ 65. Kb5 Nb8 66. c5 Nd7 67. a5 Nb8 68. a6 Nxa6 1/2-1/2

[Event "Barcelona La Lira op 29th"]
[Site "Barcelona"]
[Date "2011.02.25"]
[Round "7"]
[White "Perez Cuadrado, Eduardo"]
[Black "Povill Batlle, Ramon"]
[Result "0-1"]
[WhiteElo "1690"]
[BlackElo "1834"]
[PlyCount "120"]
[EventDate "2011.01.14"]
[EventType "swiss"]
[EventRounds "7"]
[EventCountry "ESP"]
[SourceTitle "EXT 2012"]
[Source "ChessBase"]
[SourceDate "2011.11.24"]
[SourceVersion "1"]
[SourceVersionDate "2011.11.24"]
[SourceQuality "1"]

1. e4 e6 2. d4 d5 3. Nc3 Nf6 4. Bg5 Be7 5. e5 Nfd7 6. Bxe7 Qxe7 7. Qg4 f6 8. Nf3 a6 9. Bd3 c5 10. dxc5 f5 11. Qg5 Qxg5 12. Nxg5 Nxe5 13. f4 h6 14. Nh3 Nec6 15. 0-0-0 Nb4 16. a3 Nxd3+ 17. Rxd3 Nd7 18. Na4 Rb8 19. Re1 Kf7 20. Nf2 b5 21. cxb6 Nxb6 22. Rb3 Nd7 23. Rxb8 Nxb8 24. Nc5 Re8 25. Nfd3 Nc6 26. Ne5+ Nxe5 27. Rxe5 g5 28. fxg5 hxg5 29. Re3 Ke7 30. Rh3 Kd6 31. b4 g4 32. Rh7 Re7 33. Rh8 Rc7 34. Kd2 Ke5 35. g3 d4 36. Kd3 Bd7 37. a4 Rxc5 38. bxc5 Bxa4 39. Rd8 Bb5+ 40. c4 dxc3+ 41. Kxc3 Ke4 42. Rd4+ Kf3 43. Rb4 Bc6 44. Rb6 Bd5 45. Kd4 Kg2 46. Rb2+ Kh3 47. Ke5 a5 48. Kd6 a4 49. c6 a3 50. Rb1 a2 51. Ra1 Bxc6 52. Kxc6 Kxh2 53. Rxa2+ Kxg3 54. Kd6 f4 55. Ke5 f3 56. Ra3 Kg2 57. Kf4 f2 58. Ra2 g3 59. Kg4 e5 60. Kf5 Kg1 0-1

[Event "Barcelona La Lira op 29th"]
[Site "Barcelona"]
[Date "2011.02.18"]
[Round "6"]
[White "Martin Arranz, Jose Luis"]
[Black "Perez Cuadrado, Eduardo"]
[Result "0-1"]
[WhiteElo "1777"]
[BlackElo "1690"]
[PlyCount "56"]
[EventDate "2011.01.14"]
[EventType "swiss"]
[EventRounds "7"]
[EventCountry "ESP"]
[SourceTitle "EXT 2012"]
[Source "ChessBase"]
[SourceDate "2011.11.24"]
[SourceVersion "1"]
[SourceVersionDate "2011.11.24"]
[SourceQuality "1"]

1. e4 e5 2. Nf3 Nf6 3. d4 Nxe4 4. dxe5 Bc5 5. Nd4 Qe7 6. Bf4 g5 7. Be3 Qxe5 8. Na3 d5 9. Be2 Bb4+ 10. c3 Bxa3 11. Qa4+ Bd7 12. Qxa3 Nc6 13. Nxc6 Bxc6 14. Bd4 Qf4 15. 0-0 Rg8 16. Bf3 g4 17. Bxe4 dxe4 18. Qc5 Rg5 19. Qb4 Rh5 20. g3 Qf3 21. Be3 0-0-0 22. Qb3 Rdd5 23. Qb4 Rxh2 24. Qf8+ Kd7 25. Qxf7+ Qxf7 26. Kxh2 Rh5+ 27. Kg1 Qf3 28. Rfd1+ Ke6 0-1